Irish towns quiz Stats

 Plays Quiz not verified by Sporcle

Challenge
Share
Tweet
Embed
Score 0/20 Timer 05:00
0 Plays Today
Hint Answer % Correct
ClonakiltyCork
86.3%
ClifdenGalway
77.7%
TemplemoreTipperary
76.2%
StradballyLaois
76.2%
BlessingtonWicklow
73%
Newcastle WestLimerick
73%
BallybunionKerry
71.5%
BoyleRoscommon
71.2%
ColeraineDerry
69.3%
ClaneKildare
63.7%
Hint Answer % Correct
CarrickmacrossMonaghan
63.6%
EnniscroneSligo
58.4%
CootehilCavan
56.8%
NobberMeath
56.5%
BanagherOffaly
53.3%
FernsWexford
51.8%
UrlingfordKilkenny
51.7%
CastlepollardWestmeath
45.1%
RaphoeDonegal
38.8%
MountnorrisArmagh
15.6%

You're not logged in!

Compare scores with friends on all Sporcle quizzes.
Join for Free
OR
Log In

You Might Also Like...

Show Comments

Extras

Created Apr 15, 2017ReportNominate
Tags:county, irish, town

Top Quizzes Today


Score Distribution

Your Account Isn't Verified!

In order to create a playlist on Sporcle, you need to verify the email address you used during registration. Go to your Sporcle Settings to finish the process.

Report this User

Report this user for behavior that violates our Community Guidelines.

Details: